Trendy vo výstavníctve v roku 2019

Zmeny na trhu v oblasti veľtrhov. Hlavné trendy vo výstavníctve. Špecifiká lokálneho trhu oproti zahraničiu.

Gespeichert in:
Bibliographische Detailangaben
1. Verfasser: Kuliš, Jiří
Format: Buchkapitel
Sprache:Slowakisch
Schlagworte:
Tags: Tag hinzufügen
Keine Tags, Fügen Sie das erste Tag hinzu!

MARC

LEADER 00000naa a2200000 4500
001 0250032
005 20190110100358.0
041 0 |a slo 
044 |a SK 
245 1 0 |a Trendy vo výstavníctve v roku 2019  |c Jiří Kuliš 
520 |a Zmeny na trhu v oblasti veľtrhov. Hlavné trendy vo výstavníctve. Špecifiká lokálneho trhu oproti zahraničiu. 
610 2 0 |a výstavy 
610 2 0 |a veľtrhy 
610 2 0 |a komunikácia marketingová 
610 2 0 |a propagácia 
100 1 |a Kuliš, Jiří